000 00496nam a2200181Ia 4500
005 20250508161043.0
008 008 250505s9999 xx 000 0 eng d
037 _aTextual
040 _aFEDL
_beng
_cFEDL
041 _aeng
_2eng
084 _a153.15, DEH
_qFEDL
100 _aDehaan Robert F.
245 0 _aAccelerated learning programs
260 _aNew Delhi, India
_bPrentice- Hall
_c1965
300 _av,120p.
942 _cTEXL
_h153.15, DEH
999 _c1368161
_d1368161